[Event "Sochi Archibald op 1st"]
[Site "Sochi"]
[Date "2019.05.16"]
[Round "6"]
[White "Dashko, Andrey"]
[Black "Najdin, Danil"]
[Result "1-0"]
[WhiteElo "2211"]
[BlackElo "2314"]
[PlyCount "71"]
[EventDate "2019.05.12"]
[EventType "swiss"]
[EventRounds "9"]
[EventCountry "RUS"]
[SourceTitle "CBM 190 Extra"]
[Source "ChessBase"]
[SourceDate "2019.07.15"]
[SourceVersion "1"]
[SourceVersionDate "2019.07.15"]
[SourceQuality "1"]

1. e4 e6 2. Qe2 c5 3. Nf3 Nc6 4. g3 Be7 5. Bg2 d5 6. d3 Nf6 7. 0-0 0-0 8. e5 Nd7 9. c4 d4 10. h4 a6 11. Bf4 b5 12. Nbd2 Rb8 13. Rfc1 Nb6 14. Bg5 f6 15. exf6 gxf6 16. Bh6 Rf7 17. Ng5 fxg5 18. Bxc6 bxc4 19. hxg5 cxd3 20. Qh5 Bb7 21. g6 Rf5 22. Bg5 hxg6 23. Qxg6+ Kh8 24. Kg2 Bxc6+ 25. f3 Bxg5 26. Rh1+ Bh4 27. Qh6+ Kg8 28. Rxh4 Kf7 29. Qh7+ Ke8 30. Re1 Qg5 31. Rxe6+ Kd8 32. Rxc6 Nd7 33. Ne4 Rxb2+ 34. Kh3 d2 35. Nxg5 Rxg5 36. Re4 1-0

[Event "Sochi Archibald op 1st"]
[Site "Sochi"]
[Date "2019.05.13"]
[Round "2"]
[White "Korneev, Oleg"]
[Black "Dashko, Andrey"]
[Result "1-0"]
[WhiteElo "2530"]
[BlackElo "2211"]
[PlyCount "57"]
[EventDate "2019.05.12"]
[EventType "swiss"]
[EventRounds "9"]
[EventCountry "RUS"]
[SourceTitle "CBM 190 Extra"]
[Source "ChessBase"]
[SourceDate "2019.07.15"]
[SourceVersion "1"]
[SourceVersionDate "2019.07.15"]
[SourceQuality "1"]

1. e4 c5 2. Nf3 e6 3. d4 cxd4 4. Nxd4 a6 5. Bd3 Nf6 6. 0-0 Qc7 7. Qe2 d6 8. c4 Be7 9. Nc3 0-0 10. Be3 Bd7 11. Rac1 Re8 12. f4 Nc6 13. Nf3 Bf8 14. Kh1 Rac8 15. a3 Qb8 16. b4 g6 17. c5 dxc5 18. bxc5 Ng4 19. e5 Nxe3 20. Qxe3 Ne7 21. Ne4 Nd5 22. Qd2 Red8 23. Nd6 Bxd6 24. cxd6 Qa7 25. Be4 Rc5 26. f5 Rdc8 27. Bxd5 exd5 28. Rxc5 Qxc5 29. Qh6 1-0

[Event "Sochi ChessAmateur op10"]
[Site "Sochi"]
[Date "2018.10.18"]
[Round "9"]
[White "Zhukov, Anton"]
[Black "Dashko, Andrey"]
[Result "1/2-1/2"]
[WhiteElo "2161"]
[BlackElo "2227"]
[PlyCount "66"]
[EventDate "2018.10.12"]
[EventType "swiss"]
[EventRounds "9"]
[EventCountry "RUS"]
[SourceTitle "CBM 187 Extra"]
[Source "ChessBase"]
[SourceDate "2018.11.04"]
[SourceVersion "1"]
[SourceVersionDate "2018.11.04"]
[SourceQuality "1"]

1. d4 Nf6 2. c4 d6 3. Nc3 g6 4. e4 Bg7 5. Be2 0-0 6. Be3 c5 7. d5 e6 8. Nf3 exd5 9. cxd5 Nbd7 10. Nd2 Re8 11. 0-0 a6 12. a4 Qe7 13. h3 Qf8 14. Qc2 Rb8 15. Bf4 Bh6 16. Bxh6 Qxh6 17. Nc4 Qf8 18. a5 Qe7 19. Rfe1 Ne5 20. Nb6 g5 21. Nxc8 Rbxc8 22. Qd2 Nfd7 23. g3 Kh8 24. Kg2 Rb8 25. Nd1 Ng6 26. Bh5 Nde5 27. Bxg6 hxg6 28. Ne3 b5 29. axb6 Rxb6 30. f4 Reb8 31. fxe5 Rxb2 32. Nc2 Qxe5 33. Rac1 a5 1/2-1/2

[Event "Sochi ChessAmateur op10"]
[Site "Sochi"]
[Date "2018.10.14"]
[Round "4"]
[White "Dashko, Andrey"]
[Black "Kuryshkin, Anatoliy"]
[Result "1-0"]
[WhiteElo "2227"]
[BlackElo "1932"]
[PlyCount "77"]
[EventDate "2018.10.12"]
[EventType "swiss"]
[EventRounds "9"]
[EventCountry "RUS"]
[SourceTitle "CBM 187 Extra"]
[Source "ChessBase"]
[SourceDate "2018.11.04"]
[SourceVersion "1"]
[SourceVersionDate "2018.11.04"]
[SourceQuality "1"]

1. e4 e5 2. Nf3 Nc6 3. Bc4 Nf6 4. Ng5 d5 5. exd5 Na5 6. d3 h6 7. Nf3 e4 8. Qe2 Nxc4 9. dxc4 Be7 10. Nfd2 Bg4 11. Qe3 0-0 12. 0-0 b5 13. cxb5 Nxd5 14. Qxe4 f5 15. Qc4 Kh8 16. Nc3 Nb6 17. Qd3 Qxd3 18. cxd3 Rad8 19. Nc4 Rxd3 20. Ne5 Rd6 21. Nxg4 fxg4 22. Be3 Re6 23. b3 Rf5 24. a4 Bc5 25. Nd1 h5 26. Rc1 Bd6 27. Nb2 Ba3 28. Rc2 Bxb2 29. Rxb2 Nc8 30. Rc2 Re7 31. Rfc1 Rff7 32. Rc5 g6 33. g3 Rd7 34. Kg2 Kg7 35. Bf4 Nd6 36. Rd5 Kf6 37. Rc6 Ke6 38. Rdc5 Rfe7 39. Ra6 1-0

[Event "Sochi ChessAmateur op"]
[Site "Sochi"]
[Date "2018.04.02"]
[Round "3"]
[White "Dashko, Andrey"]
[Black "Bezgodova, Svetlana"]
[Result "1-0"]
[WhiteElo "2227"]
[BlackElo "2045"]
[PlyCount "61"]
[EventDate "2018.04.01"]
[EventType "swiss"]
[EventRounds "9"]
[EventCountry "RUS"]
[SourceTitle "CBM 184 Extra"]
[Source "ChessBase"]
[SourceDate "2018.06.28"]
[SourceVersion "1"]
[SourceVersionDate "2018.06.28"]
[SourceQuality "1"]

1. e4 e5 2. Nc3 Nf6 3. Nf3 Nc6 4. d4 exd4 5. Nxd4 Bb4 6. Nxc6 bxc6 7. Bd3 0-0 8. 0-0 d5 9. exd5 cxd5 10. Qf3 Re8 11. Bg5 c6 12. a3 Bd6 13. Rae1 Be6 14. h3 a5 15. Ne2 Rb8 16. Nd4 Rb6 17. Nf5 Bc7 18. b3 c5 19. Nh6+ Kf8 20. Ng4 Bxg4 21. hxg4 h6 22. Rxe8+ Kxe8 23. Re1+ Kf8 24. Bd2 c4 25. Bf5 a4 26. bxc4 dxc4 27. Bb4+ Kg8 28. Be7 Qd5 29. g3 Bd8 30. Bxf6 Bxf6 31. Qxd5 1-0

[Event "Belorechensk Sarkisov Memorial"]
[Site "Belorechensk"]
[Date "2018.02.09"]
[Round "2"]
[White "Mischuk, Dmitry"]
[Black "Dashko, Andrey"]
[Result "1-0"]
[WhiteElo "2383"]
[BlackElo "2226"]
[PlyCount "91"]
[EventDate "2018.02.09"]
[EventType "tourn"]
[EventRounds "9"]
[EventCountry "RUS"]
[EventCategory "3"]
[SourceTitle "CBM 182 Extra"]
[Source "ChessBase"]
[SourceDate "2018.02.23"]
[SourceVersion "1"]
[SourceVersionDate "2018.02.23"]
[SourceQuality "1"]

1. e4 c5 2. Nf3 g6 3. d4 cxd4 4. Nxd4 Bg7 5. Be2 Nc6 6. Nb3 Nf6 7. Nc3 0-0 8. 0-0 d6 9. Re1 Bd7 10. Bf1 Rc8 11. Nd5 Ne5 12. Bg5 Nxd5 13. exd5 Re8 14. c3 b5 15. Rc1 Qb6 16. Be3 Qa6 17. Bd4 Qb7 18. Na5 Qc7 19. b4 Ng4 20. Bxg7 Kxg7 21. Qd2 Qb6 22. h3 Nf6 23. Re3 e5 24. dxe6 Bxe6 25. a3 d5 26. Nb3 Ne4 27. Qd4+ Qxd4 28. Nxd4 a6 29. Nb3 Rc6 30. f3 Nd6 31. g4 Nc4 32. Bxc4 Rxc4 33. Rd1 h5 34. Kf2 hxg4 35. hxg4 Rec8 36. Rdd3 Kf6 37. Kg3 Ke7 38. f4 Kd6 39. Nc5 Rh8 40. Re5 Rh1 41. Nxe6 fxe6 42. Rde3 Rg1+ 43. Kh4 Rxf4 44. Rxe6+ Kd7 45. Rxg6 Rc4 46. Rh3 1-0

[Event "Belorechensk Sarkisov Memorial"]
[Site "Belorechensk"]
[Date "2018.02.09"]
[Round "1"]
[White "Sitnikov, Anton"]
[Black "Dashko, Andrey"]
[Result "1-0"]
[WhiteElo "2457"]
[BlackElo "2226"]
[PlyCount "73"]
[EventDate "2018.02.09"]
[EventType "tourn"]
[EventRounds "9"]
[EventCountry "RUS"]
[EventCategory "3"]
[SourceTitle "CBM 182 Extra"]
[Source "ChessBase"]
[SourceDate "2018.02.23"]
[SourceVersion "1"]
[SourceVersionDate "2018.02.23"]
[SourceQuality "1"]

1. e4 c5 2. Nc3 e6 3. Nf3 a6 4. d4 cxd4 5. Nxd4 Qc7 6. g3 Nf6 7. Bg2 Nc6 8. 0-0 d6 9. Be3 Bd7 10. f4 Nxd4 11. Qxd4 Ng4 12. Bd2 d5 13. b4 dxe4 14. Nxe4 Bb5 15. Rfd1 Rd8 16. Qa7 Be7 17. h3 Nf6 18. Be3 Nd5 19. Bc5 0-0 20. Bxe7 Qxe7 21. a4 Bc6 22. Qc5 Qxc5+ 23. Nxc5 Nxb4 24. Bxc6 bxc6 25. Rxd8 Rxd8 26. Rb1 Nxc2 27. Nxa6 h5 28. Rb8 Rxb8 29. Nxb8 c5 30. a5 Nd4 31. Kf2 c4 32. a6 Nb5 33. Ke3 h4 34. g4 g5 35. fxg5 Kg7 36. Nc6 Nc7 37. a7 1-0

[Event "Sochi Doroshkevich Amateur op"]
[Site "Sochi"]
[Date "2017.12.24"]
[Round "4"]
[White "Kiriushin, Vladimir"]
[Black "Dashko, Andrey"]
[Result "0-1"]
[WhiteElo "2102"]
[BlackElo "2219"]
[PlyCount "47"]
[EventDate "2017.12.21"]
[EventType "swiss"]
[EventRounds "9"]
[EventCountry "RUS"]
[SourceTitle "CBM 182 Extra"]
[Source "ChessBase"]
[SourceDate "2018.02.23"]
[SourceVersion "1"]
[SourceVersionDate "2018.02.23"]
[SourceQuality "1"]

1. d4 Nf6 2. c4 e5 3. dxe5 Ng4 4. Bf4 Nc6 5. Nf3 Bb4+ 6. Nc3 Qe7 7. Qd5 Bxc3+ 8. bxc3 f6 9. exf6 Nxf6 10. Qd3 d6 11. e3 b6 12. Be2 Bb7 13. 0-0 0-0-0 14. a4 Na5 15. Qf5+ Kb8 16. Nd4 Ne4 17. Rfb1 g5 18. Bg3 Nxc3 19. Qxa5 Nxe2+ 20. Kf1 Nxd4 21. Qc3 Bxg2+ 22. Kxg2 Qe4+ 23. Kh3 g4+ 24. Kh4 0-1

[Event "Krasnodar Region-ch"]
[Site "Krasnodar"]
[Date "2014.10.03"]
[Round "1"]
[White "Sverkunov, Oleg"]
[Black "Dashko, Andrey"]
[Result "0-1"]
[WhiteElo "1859"]
[BlackElo "2295"]
[PlyCount "70"]
[EventDate "2014.10.03"]
[EventType "swiss"]
[EventRounds "9"]
[EventCountry "RUS"]
[SourceTitle "EXT 2015"]
[Source "ChessBase"]
[SourceDate "2014.11.20"]
[SourceVersion "1"]
[SourceVersionDate "2014.11.20"]
[SourceQuality "1"]

1. e4 c5 2. Nf3 g6 3. d4 cxd4 4. Nxd4 Bg7 5. c4 Nc6 6. Be3 Nf6 7. Nc3 Ng4 8. Qxg4 Nxd4 9. 0-0-0 Ne6 10. Nd5 b6 11. h4 h5 12. Qe2 Ba6 13. Kb1 Rc8 14. Rc1 Nc5 15. f3 e6 16. Nb4 d6 17. Bxc5 bxc5 18. Nd3 Rb8 19. g4 hxg4 20. fxg4 Rxh4 21. Rxh4 Qxh4 22. Qd1 Qh2 23. Rc2 Qh1 24. e5 Rb6 25. Nf2 Qh2 26. exd6 Qxd6 27. Rd2 Bd4 28. Qf3 Bb7 29. Qd1 Qe5 30. Qe2 Qxe2 31. Rxe2 Bf3 32. Rd2 Bxf2 33. Rxf2 Bxg4 34. Be2 Bxe2 35. Rxe2 f5 0-1

[Event "Sochi Tseshkovsky Memorial op"]
[Site "Sochi"]
[Date "2014.09.24"]
[Round "8"]
[White "Grishchenko, Sergey"]
[Black "Dashko, Andrey"]
[Result "1-0"]
[WhiteElo "2448"]
[BlackElo "2302"]
[PlyCount "51"]
[EventDate "2014.09.17"]
[EventType "swiss"]
[EventRounds "9"]
[EventCountry "RUS"]
[SourceTitle "CBM 162 Extra"]
[Source "ChessBase"]
[SourceDate "2014.10.17"]
[SourceVersion "1"]
[SourceVersionDate "2014.10.17"]
[SourceQuality "1"]

1. d4 Nf6 2. c4 c6 3. Nc3 d5 4. cxd5 cxd5 5. Bf4 Nc6 6. e3 g6 7. h3 Qb6 8. Bd3 Bf5 9. Bxf5 gxf5 10. Nge2 Rg8 11. 0-0 e6 12. Rc1 Ne4 13. Na4 Qd8 14. f3 Ng5 15. Kh1 f6 16. Qb3 Qd7 17. Nc5 Bxc5 18. Rxc5 Nf7 19. Bh2 Nfd8 20. Nf4 Rc8 21. Rfc1 b6 22. R5c2 Na5 23. Nh5 Rg6 24. Rxc8 Nxb3 25. axb3 Rh6 26. R1c7 1-0

[Event "Sochi Tseshkovsky Memorial op"]
[Site "Sochi"]
[Date "2014.09.21"]
[Round "5"]
[White "Zakarian, David"]
[Black "Dashko, Andrey"]
[Result "1-0"]
[WhiteElo "2400"]
[BlackElo "2302"]
[PlyCount "79"]
[EventDate "2014.09.17"]
[EventType "swiss"]
[EventRounds "9"]
[EventCountry "RUS"]
[SourceTitle "CBM 162 Extra"]
[Source "ChessBase"]
[SourceDate "2014.10.17"]
[SourceVersion "1"]
[SourceVersionDate "2014.10.17"]
[SourceQuality "1"]

1. d4 Nf6 2. c4 e6 3. Nf3 d5 4. Nc3 c6 5. g3 dxc4 6. a4 Bb4 7. Bg2 Nd5 8. Qc2 Qa5 9. Bd2 Nd7 10. 0-0 Nxc3 11. Bxc3 Bxc3 12. Qxc3 Qxc3 13. bxc3 a5 14. Nd2 Nb6 15. Rfb1 Ra6 16. Ne4 Nd5 17. Nd6+ Ke7 18. Nxc8+ Rxc8 19. Bxd5 cxd5 20. Rxb7+ Kf6 21. Rab1 Rcc6 22. f4 h5 23. Kf2 Kg6 24. Kf3 Kf6 25. h3 g6 26. Rb8 Ra7 27. R1b5 Rcc7 28. g4 hxg4+ 29. hxg4 Ke7 30. Kg3 Rd7 31. R5b6 Rac7 32. e3 Ra7 33. Kf3 Rd8 34. Rxd8 Kxd8 35. f5 gxf5 36. gxf5 Ke7 37. Kf4 Kf6 38. e4 dxe4 39. Kxe4 Ra8 40. fxe6 1-0

[Event "Sochi Tseshkovsky Memorial op"]
[Site "Sochi"]
[Date "2014.09.20"]
[Round "4"]
[White "Dashko, Andrey"]
[Black "Kotsur, Pavel"]
[Result "1/2-1/2"]
[WhiteElo "2302"]
[BlackElo "2570"]
[PlyCount "36"]
[EventDate "2014.09.17"]
[EventType "swiss"]
[EventRounds "9"]
[EventCountry "RUS"]
[SourceTitle "CBM 162 Extra"]
[Source "ChessBase"]
[SourceDate "2014.10.17"]
[SourceVersion "1"]
[SourceVersionDate "2014.10.17"]
[SourceQuality "1"]

1. e4 e6 2. d4 d5 3. Nc3 Bb4 4. e5 c5 5. a3 Ba5 6. b4 cxd4 7. Nb5 Bc7 8. f4 Ne7 9. Nf3 Bd7 10. Nbxd4 Ba4 11. Bd3 Nbc6 12. Bb2 Bb6 13. Qd2 Qd7 14. 0-0 Nf5 15. Bxf5 exf5 16. Kh1 0-0 17. Nxc6 Qxc6 18. Rac1 Rfe8 1/2-1/2

[Event "Doroshkevich Memorial op"]
[Site "Belorechensk"]
[Date "2010.05.26"]
[Round "5"]
[White "Dashko, Andrey"]
[Black "Bryzgalin, Kirill"]
[Result "0-1"]
[WhiteElo "2359"]
[BlackElo "2506"]
[PlyCount "60"]
[EventDate "2010.05.22"]
[EventType "swiss"]
[EventRounds "9"]
[EventCountry "RUS"]
[SourceTitle "EXT 2011"]
[Source "ChessBase"]
[SourceDate "2010.11.26"]
[SourceVersion "1"]
[SourceVersionDate "2010.11.26"]
[SourceQuality "1"]

1. e4 c5 2. Nf3 Nc6 3. Nc3 e6 4. d4 cxd4 5. Nxd4 Qc7 6. f4 a6 7. Nf3 b5 8. Bd3 d6 9. Be3 Nf6 10. Qd2 Be7 11. 0-0-0 Bb7 12. Kb1 Rc8 13. Rhf1 0-0 14. g4 Nxg4 15. Bg1 Nb4 16. Qg2 Nxd3 17. cxd3 f5 18. Nd4 Qd7 19. Rde1 b4 20. Nd5 Bd8 21. Nxb4 Ba5 22. Ndc2 e5 23. Qd2 exf4 24. Rxf4 Ne5 25. Rd1 fxe4 26. dxe4 Nf3 27. Rxf8+ Rxf8 28. Qd3 Qg4 29. Qb3+ Kh8 30. Nd5 Nd2+ 0-1

[Event "Doroshkevich Memorial op"]
[Site "Belorechensk"]
[Date "2010.05.24"]
[Round "3"]
[White "Gabrielian, Artur"]
[Black "Dashko, Andrey"]
[Result "1-0"]
[WhiteElo "2524"]
[BlackElo "2359"]
[PlyCount "83"]
[EventDate "2010.05.22"]
[EventType "swiss"]
[EventRounds "9"]
[EventCountry "RUS"]
[SourceTitle "EXT 2011"]
[Source "ChessBase"]
[SourceDate "2010.11.26"]
[SourceVersion "1"]
[SourceVersionDate "2010.11.26"]
[SourceQuality "1"]

1. d4 Nf6 2. c4 e6 3. Nc3 d5 4. Bg5 c6 5. Nf3 h6 6. Bh4 g6 7. e3 Bg7 8. Be2 0-0 9. 0-0 b6 10. Ne5 Bb7 11. cxd5 exd5 12. b4 Qd6 13. b5 c5 14. Bg3 cxd4 15. exd4 Qa3 16. Qd3 Kh8 17. Rab1 Nbd7 18. Nc6 Rfc8 19. Rb3 Qf8 20. Bf3 Bxc6 21. bxc6 Rxc6 22. Nxd5 Rac8 23. Nxf6 Rxf6 24. Qa6 Nb8 25. Qxa7 Nc6 26. Bxc6 Rfxc6 27. d5 Rc1 28. Qxb6 Rxf1+ 29. Kxf1 Rc1+ 30. Ke2 Qe7+ 31. Qe3 Rc2+ 32. Kd3 Qxe3+ 33. fxe3 Rxa2 34. d6 Bf6 35. Rb8+ Kg7 36. Re8 Ra3+ 37. Kc4 Rc3+ 38. Kd5 Rd3+ 39. Ke4 Rd2 40. Be5 Bxe5 41. Kxe5 g5 42. Rc8 1-0